000 01329nab a2200241uuc4500
001 1192374
005 20240202094159.0
008 100308e20081201 spa
035 _a1192374
035 _a(OCoLC)820529273
040 _ccomduadb
041 _aspa
100 1 0 _aFlorez Gongora, C. H.
_4aut
_eaut
_9419545
245 1 0 _aEstabilizacion química de suelos expansivos de San José de Cucuta (Colombia) usando cenizas volantes
520 3 _aSe presentan los resultados de la estabilización química de los suelos expansivos de una zona representativa de San José de Cúcuta, donde se han observado daños en construcciones livianas como consecuencia de la expansión-retracción del suelo por la variación constante de la humedad. Para lograr la estabilización del suelo arcilloso, se propone como aditivo químico cenizas volantes, analizando sus posibles ventajas y desventajas.
650 _aCenizas volantes
_916111
650 _aSuelos arcillosos
_919693
700 1 0 _aZarate C., R.
_4aut
_eaut
_9607971
700 1 0 _aCaicedo O., Z. K.
_4aut
_eaut
_9594710
700 1 0 _aContreras, B. A.
_4aut
_eaut
_9603322
773 0 _tRespuestas : Revista de la Universidad Francisco de Paula Santander (Cúcuta)
_gVolumen 13, Número 02, Diciembre de 2008, p. 19-31
_w578438
_z0122820X
_0142413
942 _cARIMP
999 _c541069
_d541069